000 00715nam a2200205 a 4500
001 000019825
005 20200929170143.0
008 100707s1966 pr r 000 p spa d
040 _aDO-SdBNP
_bspa
_cBNPHU
082 _aPR861.42
_bD559a
100 1 _aDiego, José De,
_d1867-?
_942317
245 1 0 _aAntología Poética /
_cJosé De Diego ; Selección Juan Martínez Capo ; Introducción Margot Arce de Vázquez.
260 _aSan Juan, Puerto Rico :
_bAteneo Puertorriqueño,
_c1966.
300 _a183 p. ;
_c19 cm.
650 4 _aPoesía puertorriqueña
_91015
650 4 _aLiteratura puertorriqueña
_9250
700 1 _aMartínez Capo, Juan
_942318
700 1 _aArce de Vázquez, Margot
_98026
049 _aBNGR
999 _c19338
_d19338